Máquinas eléctricas
שמור ב:
| מחבר ראשי: | |
|---|---|
| פורמט: | ספר |
| שפה: | ספרדית |
| יצא לאור: |
Bogotá
McGraw-Hill
1988
|
| נושאים: | |
| תגים: |
הוספת תג
אין תגיות, היה/י הראשונ/ה לתייג את הרשומה!
|
MARC
| LEADER | 00000nam a2200000 a 4500 | ||
|---|---|---|---|
| 001 | UCV3923 | ||
| 003 | CL-VaPUC | ||
| 008 | 880718e19880000CK |||||||||||||||||spa|d | ||
| 082 | 0 | 4 | |a 621.313 |b CHA |2 21 |
| 100 | 0 | |a Chapman, Stephen J |e author |9 298321 | |
| 245 | 1 | 0 | |a Máquinas eléctricas |
| 300 | |a 655 p | ||
| 942 | |c BK | ||
| 945 | |d 19880718 00:00:00 |a mfernand | ||
| 260 | |a Bogotá |b McGraw-Hill |c 1988 | ||
| 650 | 0 | |a Máquinas eléctricas |9 260079 | |
| 650 | 0 | |a Motores eléctricos |9 260085 | |
| 583 | |a last modification |c 19880718 00:00:00 |k Rodrigo Vera | ||
| 999 | |c 211017 |d 211015 | ||
| 952 | |0 0 |1 0 |4 0 |6 621_313000000000000_CHA_1988 |7 0 |8 R |9 188350 |a BIBMEC |b BIBMEC |d 2019-11-14 |i 2559277 |o 621.313 CHA 1988 |p 2559277 |r 2024-01-19 |w 2019-11-14 |y BK_R |k MEC | ||